01008nam a2200217 i 4500003000900000005001700009007000300026008004100029020001800070040003000088041000800118082001900126100003700145245005200182264008100234300003600315336002700351337003400378338002800412520035000440DO-SdBNP20260513091936.0ta260513e2025 dr ||||gr|||||||| ||spa d a9789945296488 aDO-SdBNPbspacBNPHUerda aspa bR788a 2025222 aRosa a A., Germán De laeautor aAbrazando la finitud /cGermán A. De La Rosa. aSanto Domingo, República Dominicana : bProyectotripode Ediciones, c2025. a237 páginas ; c21.5 x 14 cm. atextobtxt2rdacontent asin mediación bn2rdamedia avolumenbnc2rdacarrier aEste libro no debería existir… Para escribirlo, la mujer que amé durante cincuenta y un años tuvo que morir. Sharon, mi esposa, mi cómplice y mi corazón valiente, partió el 28 de septiembre de 2024. Lo que quedó fue un cráter en el alma y una necesidad urgente... poner en palabras lo que nadie me dijo que tendría que vivir.